| 000 | 00537nam a22002057a 4500 | ||
|---|---|---|---|
| 003 | OSt | ||
| 005 | 20140310182011.0 | ||
| 008 | 130730t xxu||||| |||| 00| 0 eng d | ||
| 020 | _a0340548797 | ||
| 050 |
_aPZ 7 _b.B629 1991 |
||
| 082 |
_aKF _bB62fa #5 |
||
| 100 |
_aBlyton ,Enid _94844 |
||
| 245 |
_aFive go adventuring again / _c Enid Blyton. |
||
| 260 |
_aLondon : _bHodder Children's Books, _c1991. |
||
| 300 |
_a186 p.: _c18 cm. |
||
| 541 | _j1 | ||
| 562 | _e1 | ||
| 650 |
_aFiction _9746 |
||
| 942 |
_2lcc _cBK-KF _kKF |
||
| 999 |
_c8145 _d8145 |
||